| 000 | 01163nam0a2200301 4500 | ||
|---|---|---|---|
| 001 | RU\NLR\bibl\11012 | ||
| 005 | 20260406121544.0 | ||
| 010 |
_a5-7107-1403-8 _915000 |
||
| 021 |
_aRU _b98-14593 _9689 |
||
| 035 | _a(NLR Aleph) 000010742 | ||
| 090 |
_a36656 _c36656 |
||
| 100 | _a19981225d1997 |||y0rusy50 ca | ||
| 101 | 0 | _arus | |
| 102 | _aRU | ||
| 105 | _a||||||||||||| | ||
| 200 | 1 |
_aМы _eИзбр. страницы. Анализ текста. Сочинения _eСправ. пособие _fЕ.И. Замятин |
|
| 210 |
_aМ. _cИзд. дом "Дрофа" _d1997 |
||
| 215 |
_a94 с. _cил. _d20 |
||
| 225 | 1 |
_aШкольная программа _i11 класс |
|
| 320 | _aБиблиогр.: с. 91-92 | ||
| 600 | 1 |
_aЗамятин _bЕ.И. _f1884 - 1937 _gЕвгений Иванович _xИзучение в школе _92074811 _3RU\NLR\auth\661249827 |
|
| 686 | _aЧ426.21,(6)317.8 Замятин | ||
| 700 | 1 |
_4070 _8rus _7ca _aЗамятин _bЕ.И. _f1884-1937 _gЕвгений Иванович _3RU\NLR\auth\77571 _9110617 |
|
| 801 | 0 |
_aRU _bNLR _c19981225 _gPSBO |
|
| 801 | 1 |
_aRU _bNLR _c19981225 |
|
| 852 |
_aNLR _j98-4/3588 |
||
| 942 | _cBOOK | ||
| 980 | _aNB | ||